| 000 | | | 03653nmc2a22000003x 450 |
| 001 | | | 5b02e733-f614-4796-bec5-7e9d3203e21f |
| 005 | | | 20181001095509.0 |
| 100 | ## | $a | 20161212l18101810k l0rusy0189 ca |
| 101 | 0# | $a | rus |
| 102 | ## | $a | RU |
| 200 | 1# | $a | Дело о выдаче 250 рублей на погребение танцовщицы Даниловой (Перфильевой) и о назначении пенсиона её матери, вдове лейтенанта флота Перфильевой |
| | $j | 8-27 января 1810 г. |
| 251 | ## | $c | Дело |
| 300 | ## | $a | Дело |
| 801 | #0 | $a | RU |
| | $b | РГИА |
| | $c | 20161212 |
| | $g | RCR |
| 801 | #1 | $a | RU |
| | $b | ГлавНИВЦ |
| | $c | 20161212 |
| | $2 | rusmarc |
| 801 | #2 | $a | RU |
| | $b | ПБ им. Б.Н. Ельцина |
| | $c | 20181001 |
| | $g | RCR |
| | $2 | rusmarc |
| 850 | ## | $a | РГИА |
| 852 | ## | $a | РГИА |
| | $e | Федеральное казенное учреждение "Российский государственный исторический архив" (РГИА) |
| | $j | 226 |
| 937 | ## | $h | РГИА |
| | $d | 12234429 |
| | $a | ASBIBLIO_SCAN |
| 462 | #0 | $1 | 001dd3991dc-24e1-42ec-8838-ca4255420416 |
| | $1 | 2001 |
| | $a | 1746-1850 гг. |
| | $1 | 251 |
| | $c | Опись |
| | $1 | 852 |
| | $j | 1 |
| 461 | #0 | $1 | 0019264ebf8-de62-4f1a-9eb4-9f22098dbbd5 |
| | $1 | 2001 |
| | $a | Дирекция императорских театров МИДв |
| | $1 | 251 |
| | $c | Фонд |
| | $1 | 852 |
| | $j | 497 |
| 215 | ## | $a | 7 л. |
| | $d | 36,5х26 см |
| 371 | ## | $a | Документ не является опубликованным и широко распространяемым |
| 105 | ## | $a | y### |
| 122 | 2# | $a | d |
| 035 | ## | $a | 5b02e733-f614-4796-bec5-7e9d3203e21f |
| 856 | ## | $u | http://readingroom.main.prlib.ru/item.aspx?id_node=n118728111&mode=full |